000 00777nam a2200253Ia 4500
003 OSt
005 20220923224845.0
006 a|||||r|||| 00| 0
007 ta
008 220922b |||||||| |||| 00| 0 hin d
024 _a252,396
037 _cTextual
040 _aARTS
_cARTS
_bhin
041 _2hin
_ahin
082 _aO152,6:gM, J3
100 _aशिवनाथ
245 0 _aभारतेन्द - युगीन निबंध
246 _aBhāratenda - yugīn nibandha
260 _aबनारस
_b सरस्वती - मंदिर
_c1953
300 _a120पृ.
_ccm.
650 _aहिन्दी साहित्य
_9156264
942 _hO152,6:gM, J3
_cTEXL
_2CC
999 _c374159
_d374159